Kockázatelemzés - mágia vagy tudomány?
Elmentve itt :
| Szerző: | |
|---|---|
| Dokumentumtípus: | Cikk |
| Megjelent: |
1993
|
| Sorozat: | Iskolakultúra
3 No. 23 |
| Kulcsszavak: | Kockázat, Kockázatelemzés |
| Online Access: | http://misc.bibl.u-szeged.hu/43953 |
| LEADER | 00599nab a2200181 i 4500 | ||
|---|---|---|---|
| 001 | misc43953 | ||
| 005 | 20191106141229.0 | ||
| 008 | 180912s1993 hu o 0|| zxx d | ||
| 022 | |a 1215-5233 | ||
| 040 | |a SZTE Miscellanea Repozitórium |b hun | ||
| 041 | |a zxx | ||
| 100 | 1 | |a Havas Ádám | |
| 245 | 1 | 0 | |a Kockázatelemzés - mágia vagy tudomány? |h [elektronikus dokumentum] / |c Havas Ádám |
| 260 | |c 1993 | ||
| 300 | |a 21-28 | ||
| 490 | 0 | |a Iskolakultúra |v 3 No. 23 | |
| 695 | |a Kockázat, Kockázatelemzés | ||
| 856 | 4 | 0 | |u http://misc.bibl.u-szeged.hu/43953/1/iskolakultura_1993_023_021-028.pdf |z Dokumentum-elérés |